| 000 | 00636nam a22002177a 4500 | ||
|---|---|---|---|
| 001 | 48742 | ||
| 003 | UA-OsUOA | ||
| 005 | 20210426155724.0 | ||
| 007 | ta | ||
| 008 | 20070912b un ||||| |||| 00| 0 ukr d | ||
| 040 |
_aUA-OsUOA _bukr _cUA-OsUOA _dUA-OsUOA |
||
| 041 | _aukr | ||
| 080 | _a32 | ||
| 090 | _a32 | ||
| 245 |
_aЗона _bгромадський та літературний часопис всеукраїнського товариства політичних в'язнів і репресованих |
||
| 260 | _c1993 | ||
| 300 | _a256 с. | ||
| 650 | 7 |
_a32 Політика _2UDC |
|
| 942 |
_cBK _2udc |
||
| 955 | _a4 | ||
| 999 |
_c334850 _d334850 |
||